[Event "RUS-chT2"]
[Site "Sochi"]
[Date "2008.04.09"]
[Round "7"]
[White "Slugin, Sergey"]
[Black "Sokolov, Dmitri"]
[Result "1/2-1/2"]
[WhiteElo "2402"]
[BlackElo "2403"]
[PlyCount "59"]
[EventDate "2008.04.03"]
[EventType "team-tourn"]
[EventRounds "9"]
[EventCountry "RUS"]
[SourceTitle "CBM 123 Extra"]
[Source "ChessBase"]
[SourceDate "2008.05.06"]
[SourceVersion "1"]
[SourceVersionDate "2008.05.06"]
[SourceQuality "1"]

1. d4 Nf6 2. c4 g6 3. Nc3 Bg7 4. e4 d6 5. Be2 0-0 6. Nf3 e5 7. Be3 exd4 8. Nxd4 Re8 9. f3 c6 10. Bf2 d5 11. exd5 cxd5 12. 0-0 Nc6 13. c5 Nh5 14. Qd2 Be5 15. g3 Ng7 16. Rfd1 Ne6 17. Nb3 d4 18. Ne4 f5 19. Nd6 Bxd6 20. cxd6 Qxd6 21. Rac1 Bd7 22. Nxd4 Nexd4 23. Bxd4 Qxd4+ 24. Qxd4 Nxd4 25. Rxd4 Rxe2 26. Rxd7 Rxb2 27. Rcc7 Re8 28. Rg7+ Kh8 29. Rxh7+ Kg8 30. Rhg7+ 1/2-1/2

[Event "RUS-chT2"]
[Site "Sochi"]
[Date "2008.04.05"]
[Round "3"]
[White "Vokarev, Sergey"]
[Black "Sokolov, Dmitri"]
[Result "1-0"]
[WhiteElo "2503"]
[BlackElo "2403"]
[PlyCount "81"]
[EventDate "2008.04.03"]
[EventType "team-tourn"]
[EventRounds "9"]
[EventCountry "RUS"]
[SourceTitle "CBM 123 Extra"]
[Source "ChessBase"]
[SourceDate "2008.05.06"]
[SourceVersion "1"]
[SourceVersionDate "2008.05.06"]
[SourceQuality "1"]

1. e4 c5 2. Nf3 Nc6 3. d4 cxd4 4. Nxd4 g6 5. c4 Bg7 6. Nc2 Nf6 7. Nc3 d6 8. Be2 0-0 9. 0-0 Nd7 10. Bd2 Nc5 11. b4 Bxc3 12. Bxc3 Nxe4 13. Bb2 Qb6 14. b5 Ne5 15. Ne3 Be6 16. Bd4 Qa5 17. f4 Nc3 18. Qd2 Nxe2+ 19. Qxe2 Nxc4 20. f5 Nxe3 21. Qxe3 Bxf5 22. Rxf5 e5 23. Bc3 Qxb5 24. Rf6 Qd5 25. Raf1 Rac8 26. Kh1 Rc4 27. a3 a5 28. Qd2 Qc5 29. Bxa5 Qxa3 30. Bb6 Qb3 31. Rxd6 Rc6 32. Bg1 Rxd6 33. Qxd6 Re8 34. Qd7 Ra8 35. h3 Qc4 36. Re1 Qc3 37. Re3 Qb2 38. Rf3 f5 39. Qd5+ Kh8 40. Rb3 Qa1 41. Qxb7 1-0

[Event "Moscow Aeroflot op-C"]
[Site "Moscow"]
[Date "2006.02.13"]
[Round "7"]
[White "Sokolov, Dmitri"]
[Black "Hayrapetyan, Arman"]
[Result "1/2-1/2"]
[WhiteElo "2387"]
[BlackElo "2396"]
[PlyCount "84"]
[EventDate "2006.02.07"]
[EventType "swiss"]
[EventRounds "9"]
[EventCountry "RUS"]
[SourceTitle "EXT 2007"]
[Source "ChessBase"]
[SourceDate "2006.11.23"]
[SourceVersion "1"]
[SourceVersionDate "2006.11.23"]
[SourceQuality "1"]

1. e4 e5 2. Nf3 Nc6 3. Bb5 a6 4. Bxc6 dxc6 5. 0-0 f6 6. d4 exd4 7. Nxd4 c5 8. Nb3 Qxd1 9. Rxd1 Bd7 10. Bf4 0-0-0 11. Nc3 Be6 12. Rxd8+ Kxd8 13. a4 Bxb3 14. cxb3 Ne7 15. Rd1+ Kc8 16. Nd5 Nxd5 17. Rxd5 Be7 18. Kf1 Re8 19. f3 Bf8 20. Ke2 Re6 21. Kd3 Rb6 22. Kc3 Rb4 23. g4 c6 24. Rd1 Be7 25. h4 b5 26. axb5 cxb5 27. Rd5 c4 28. bxc4 Rxc4+ 29. Kd3 Rb4 30. Kc2 Rc4+ 31. Kb1 Rc5 32. Rxc5+ Bxc5 33. Bd2 Kd7 34. Kc2 g6 35. b4 Bd6 36. f4 h5 37. gxh5 gxh5 38. Kd3 Bc7 39. Ke3 Ke6 40. f5+ Ke7 41. Be1 Be5 42. Kd3 Kf7 1/2-1/2

[Event "Moscow Aeroflot op-C"]
[Site "Moscow"]
[Date "2006.02.12"]
[Round "6"]
[White "Daudov, Dmitriy"]
[Black "Sokolov, Dmitri"]
[Result "0-1"]
[WhiteElo "2305"]
[BlackElo "2387"]
[PlyCount "50"]
[EventDate "2006.02.07"]
[EventType "swiss"]
[EventRounds "9"]
[EventCountry "RUS"]
[SourceTitle "EXT 2007"]
[Source "ChessBase"]
[SourceDate "2006.11.23"]
[SourceVersion "1"]
[SourceVersionDate "2006.11.23"]
[SourceQuality "1"]

1. e4 c5 2. c3 d6 3. d4 Nf6 4. dxc5 Nc6 5. f3 d5 6. exd5 Qxd5 7. Qxd5 Nxd5 8. Bc4 e6 9. Bxd5 exd5 10. Be3 Ne5 11. b4 a5 12. f4 Nd3+ 13. Ke2 Bf5 14. bxa5 Rxa5 15. Nd2 Nxc5 16. Ngf3 Ra3 17. Nb3 Nxb3 18. axb3 Rxb3 19. Ra8+ Kd7 20. Rd1 Rb2+ 21. Kf1 Be4 22. c4 Bc5 23. Rxh8 Bxe3 24. cxd5 f6 25. Rd4 Bxf3 0-1

[Event "Moscow Aeroflot op-C"]
[Site "Moscow"]
[Date "2006.02.11"]
[Round "5"]
[White "Sokolov, Dmitri"]
[Black "Aleskerov, Faik"]
[Result "1-0"]
[WhiteElo "2387"]
[BlackElo "2325"]
[PlyCount "60"]
[EventDate "2006.02.07"]
[EventType "swiss"]
[EventRounds "9"]
[EventCountry "RUS"]
[SourceTitle "EXT 2007"]
[Source "ChessBase"]
[SourceDate "2006.11.23"]
[SourceVersion "1"]
[SourceVersionDate "2006.11.23"]
[SourceQuality "1"]

1. e4 g6 2. d4 Bg7 3. Nc3 d5 4. exd5 Nf6 5. Bb5+ Nbd7 6. Bg5 a6 7. Bxd7+ Qxd7 8. Qf3 0-0 9. Nge2 Rb8 10. 0-0 h6 11. Bxf6 exf6 12. Ne4 f5 13. Nc5 Qd6 14. c4 g5 15. Nd3 f4 16. Rfe1 Re8 17. c5 Qg6 18. Ne5 Bxe5 19. dxe5 Rxe5 20. Nc3 Rxe1+ 21. Rxe1 Bd7 22. Re7 Re8 23. Qe2 Rxe7 24. Qxe7 Qc2 25. h3 Bf5 26. Qxc7 f3 27. gxf3 Qc1+ 28. Kh2 Bxh3 29. Qg3 Qxb2 30. d6 Qxc3 1-0

[Event "RUS-chT Clubs"]
[Site "Sochi"]
[Date "2005.04.19"]
[Round "1"]
[White "Sokolov, Dmitri"]
[Black "Kornev, Alexei"]
[Result "0-1"]
[WhiteElo "2398"]
[BlackElo "2565"]
[PlyCount "92"]
[EventDate "2005.04.19"]
[EventType "team"]
[EventRounds "9"]
[EventCountry "RUS"]
[SourceTitle "EXT 2006"]
[Source "ChessBase"]
[SourceDate "2005.11.24"]
[SourceVersion "1"]
[SourceVersionDate "2005.11.24"]
[SourceQuality "1"]

1. e4 c6 2. d4 d5 3. Nc3 dxe4 4. Nxe4 Bf5 5. Ng3 Bg6 6. Nf3 Nd7 7. h4 h6 8. h5 Bh7 9. Bd3 Bxd3 10. Qxd3 e6 11. Bd2 Ngf6 12. 0-0-0 Qc7 13. Ne4 0-0-0 14. g3 Nxe4 15. Qxe4 Bd6 16. c4 Rhe8 17. Bc3 f5 18. Qc2 Nf6 19. c5 Bf8 20. Qa4 Qb8 21. Ne5 Rd5 22. Rhe1 Ne4 23. Nxc6 bxc6 24. Qxc6+ Kd8 25. Ba5+ Ke7 26. f3 Rc8 27. Qa6 Nxc5 28. dxc5 Rdxc5+ 29. Kb1 R8c6 30. Qd3 Kf7 31. Qd7+ Kg8 32. Rxe6 Rc2 33. b4 Rc8 34. Rg6 Qe5 35. Qd5+ Qxd5 36. Rxd5 Rf2 37. f4 Rcc2 38. Re6 Rb2+ 39. Kc1 Rxa2 40. Kb1 Rfb2+ 41. Kc1 Rh2 42. Kb1 Rag2 43. Re1 Be7 44. Rd3 Rb2+ 45. Kc1 Ra2 46. Rb3 Bf6 0-1

[Event "Moscow Aeroflot op-B"]
[Site "Moscow"]
[Date "2005.02.17"]
[Round "3"]
[White "Sokolov, Dmitri"]
[Black "Zhang, Weida"]
[Result "1/2-1/2"]
[WhiteElo "2407"]
[BlackElo "2441"]
[PlyCount "91"]
[EventDate "2005.02.15"]
[EventType "swiss"]
[EventRounds "9"]
[EventCountry "RUS"]
[SourceTitle "EXT 2006"]
[Source "ChessBase"]
[SourceDate "2005.11.24"]
[SourceVersion "1"]
[SourceVersionDate "2005.11.24"]
[SourceQuality "1"]

1. e4 c5 2. Nf3 d6 3. d4 cxd4 4. Nxd4 Nf6 5. Nc3 g6 6. Be3 Bg7 7. f3 0-0 8. Qd2 Nc6 9. Bc4 Bd7 10. 0-0-0 Rc8 11. Bb3 Nxd4 12. Bxd4 b5 13. Nd5 Nxd5 14. Bxd5 Bxd4 15. Qxd4 Qc7 16. Rd2 Be6 17. Bxe6 fxe6 18. h4 Qc4 19. b3 Qxd4 20. Rxd4 Rc5 21. Kd2 Rfc8 22. Rc1 a5 23. a3 Kf7 24. b4 Rc3 25. Rd3 axb4 26. axb4 R3c4 27. c3 Ra8 28. Rd4 Rc7 29. c4 Rac8 30. Kd3 e5 31. Rd5 bxc4+ 32. Kc3 Ke8 33. Ra5 Kd7 34. Rd1 Rb7 35. Rxe5 Rcb8 36. b5 Rxb5 37. Rxb5 Rxb5 38. Kxc4 Rb2 39. Rg1 Ke6 40. Kd4 Kf6 41. Ke3 g5 42. hxg5+ Kxg5 43. g3 h5 44. Rh1 Rb3+ 45. Kf2 Rb2+ 46. Ke3 1/2-1/2

[Event "Moscow Aeroflot op-B"]
[Site "Moscow"]
[Date "2005.02.16"]
[Round "2"]
[White "Ulko, Jaroslav"]
[Black "Sokolov, Dmitri"]
[Result "1-0"]
[WhiteElo "2464"]
[BlackElo "2407"]
[PlyCount "71"]
[EventDate "2005.02.15"]
[EventType "swiss"]
[EventRounds "9"]
[EventCountry "RUS"]
[SourceTitle "EXT 2006"]
[Source "ChessBase"]
[SourceDate "2005.11.24"]
[SourceVersion "1"]
[SourceVersionDate "2005.11.24"]
[SourceQuality "1"]

1. d4 Nf6 2. c4 g6 3. Nc3 Bg7 4. e4 d6 5. Nf3 0-0 6. Be2 e5 7. Be3 Ng4 8. Bg5 f6 9. Bc1 Nc6 10. d5 Nd4 11. Nxd4 exd4 12. Nb5 f5 13. 0-0 Nxh2 14. Kxh2 fxe4 15. Nxd4 Qh4+ 16. Kg1 Be5 17. f4 exf3 18. Nxf3 Rxf3 19. Rxf3 Qh2+ 20. Kf1 Qh1+ 21. Kf2 Qh4+ 22. Ke3 Bg4 23. Kd2 Re8 24. Qf1 Bxf3 25. gxf3 c6 26. dxc6 bxc6 27. a4 d5 28. Ra3 dxc4 29. Bxc4+ Kh8 30. Kc2 Rb8 31. Re3 Qd4 32. b3 Bg7 33. Qe2 Rf8 34. Qe1 Qa1 35. Re8 Qa2+ 36. Kd1 1-0

[Event "Star Palmyra op 2nd"]
[Site "Odessa"]
[Date "2004.08.07"]
[Round "4"]
[White "Sokolov, Dmitri"]
[Black "Braslavskij, Alex"]
[Result "1-0"]
[WhiteElo "2423"]
[BlackElo "2305"]
[PlyCount "51"]
[EventDate "2004.08.04"]
[EventType "swiss"]
[EventRounds "9"]
[EventCountry "UKR"]
[SourceTitle "EXT 2010"]
[Source "ChessBase"]
[SourceDate "2010.11.25"]
[SourceVersion "1"]
[SourceVersionDate "2010.11.25"]
[SourceQuality "1"]

1. e4 e6 2. d4 d5 3. Nc3 Nf6 4. Bg5 Be7 5. e5 Nfd7 6. h4 c5 7. Bxe7 Kxe7 8. Qg4 Kf8 9. Nf3 Nc6 10. Nb5 cxd4 11. Qf4 f6 12. exf6 Qxf6 13. Nc7 Qxf4 14. Nxe6+ Kf7 15. Nxf4 Re8+ 16. Be2 Nf6 17. 0-0-0 Bg4 18. Ng5+ Kg8 19. f3 h6 20. fxg4 hxg5 21. hxg5 Ne4 22. Nxd5 Nf2 23. Bc4 Ne5 24. Nf6+ Kf8 25. Nd7+ Nxd7 26. Rh8+ 1-0

[Event "RUS-chT2"]
[Site "Sochi"]
[Date "2004.04.20"]
[Round "1.1"]
[White "Sokolov, Dmitri"]
[Black "Burmakin, Vladimir"]
[Result "0-1"]
[WhiteElo "2409"]
[BlackElo "2571"]
[PlyCount "68"]
[EventDate "2004.04.20"]
[EventType "team-tourn"]
[EventRounds "9"]
[EventCountry "RUS"]
[SourceTitle "CBM 100 Extra"]
[Source "ChessBase"]
[SourceDate "2004.07.06"]
[SourceVersion "2"]
[SourceVersionDate "2004.07.06"]
[SourceQuality "1"]
[WhiteTeam "07"]
[BlackTeam "02"]
[WhiteTeamCountry "RUS"]
[BlackTeamCountry "RUS"]

1. e4 c6 2. d4 d5 3. Nc3 g6 4. h3 Bg7 5. Nf3 dxe4 6. Nxe4 Nd7 7. Bd3 Ngf6 8. 0-0 Nxe4 9. Bxe4 Nf6 10. Bd3 0-0 11. Qe2 Re8 12. Bg5 Be6 13. c4 Qc7 14. Rfe1 Rad8 15. Qe3 Qb6 16. Re2 Nh5 17. c5 Qb4 18. a3 Qb3 19. Rc1 Bd5 20. Rc3 Qa4 21. Ne5 f6 22. Bc2 Qb5 23. a4 Qa6 24. Nxg6 fxg5 25. Nxe7+ Kh8 26. Bd3 Qxa4 27. Qxg5 Bf7 28. Qf5 Nf6 29. g4 Qxd4 30. g5 Qh4 31. gxf6 Bxf6 32. Re4 Qh6 33. Ra3 Rxe7 34. Rxe7 Qg7+ 0-1